000 00373nam a22001337a 4500
999 _c534492
_d534492
082 _a923.2
100 _aMalik, Abdullah
245 _aDastan-e-Khanwada:
_bMain Mahmood Ali Qasori /
_cAbdullah Malik
260 _aLahore :
_bJang Publishers,
_c1995.
300 _a586 p.
942 _2ddc
_cBK